| 000 | 00561nam a22001937a 4500 | ||
|---|---|---|---|
| 003 | DO-SdBNP | ||
| 005 | 20211124072250.0 | ||
| 008 | 211124b2020 ||||| |||| 00| 0 eng d | ||
| 020 | _a1891079468 | ||
| 040 |
_aDO-SdBNP _beng _cBNPHU |
||
| 100 | 1 | 0 |
_aHanaranda, Mulla _935657 |
| 245 |
_aCabriba : _bthe garden of the gods / _cMulla Hanaranda |
||
| 250 | _a2 da. ed. | ||
| 260 |
_aSanto Domingo : _bThe Hermetic Society for World Service, _c2020 |
||
| 300 |
_a385 p. : _bil. ; _c22 cm |
||
| 590 | _aInventariado, 2021 / DG | ||
| 910 | _aD/G | ||
| 942 |
_2ddc _cLBS1 |
||
| 999 |
_c51025 _d51025 |
||